<?xml version="1.0" encoding="UTF-8"?><?xml-stylesheet type="text/xsl" href="static/style.xsl"?><OAI-PMH xmlns="http://www.openarchives.org/OAI/2.0/" xmlns:xsi="http://www.w3.org/2001/XMLSchema-instance" xsi:schemaLocation="http://www.openarchives.org/OAI/2.0/ http://www.openarchives.org/OAI/2.0/OAI-PMH.xsd"><responseDate>2026-04-14T02:39:47Z</responseDate><request verb="GetRecord" identifier="oai:www.recercat.cat:10256/20120" metadataPrefix="marc">https://recercat.cat/oai/request</request><GetRecord><record><header><identifier>oai:recercat.cat:10256/20120</identifier><datestamp>2025-10-02T19:08:10Z</datestamp><setSpec>com_2072_452966</setSpec><setSpec>com_2072_2054</setSpec><setSpec>col_2072_452969</setSpec></header><metadata><record xmlns="http://www.loc.gov/MARC21/slim" xmlns:dcterms="http://purl.org/dc/terms/" xmlns:xsi="http://www.w3.org/2001/XMLSchema-instance" xmlns:doc="http://www.lyncode.com/xoai" xsi:schemaLocation="http://www.loc.gov/MARC21/slim http://www.loc.gov/standards/marcxml/schema/MARC21slim.xsd">
   <leader>00925njm 22002777a 4500</leader>
   <datafield ind2=" " ind1=" " tag="042">
      <subfield code="a">dc</subfield>
   </datafield>
   <datafield ind2=" " ind1=" " tag="720">
      <subfield code="a">Ginés Ariza, Paula</subfield>
      <subfield code="e">author</subfield>
   </datafield>
   <datafield ind2=" " ind1=" " tag="260">
      <subfield code="c">2021-09</subfield>
   </datafield>
   <datafield ind2=" " ind1=" " tag="520">
      <subfield code="a">La presència del producte local en l’experiència gastronòmica és un valor afegit en l’estada del visitant i un factor que contribueix a la seva motivació. El present estudi té com a objectiu principal analitzar el mercat de la melmelada i les confitures de Catalunya, enteses com un producte que transmet la identitat local, per poder comprendre com s’introdueix a l’àmbit turístic. Per tal de donar resposta als objectius plantejats s’ha executat una recerca literària en relació al vincle entre el producte local, la melmelada i l’experiència turística i s’han realitzat 18 entrevistes a diferents actors del mercat de les melmelades i confitures per observar les diferents perspectives respecte el vincle entre les melmelades i el sector turístic. Els resultats mostren que la connexió entre la melmelada i el turisme és existent, tot i que és un sector encara poc explotat. Degut a l’òptima qualitat del producte primari, els productes tradicionals, com els de rebost, són encara un fenomen per investigar des de la vessant turística.</subfield>
   </datafield>
   <datafield tag="653" ind2=" " ind1=" ">
      <subfield code="a">producte local</subfield>
   </datafield>
   <datafield tag="653" ind2=" " ind1=" ">
      <subfield code="a">confitura</subfield>
   </datafield>
   <datafield tag="653" ind2=" " ind1=" ">
      <subfield code="a">melmelada</subfield>
   </datafield>
   <datafield tag="653" ind2=" " ind1=" ">
      <subfield code="a">turisme</subfield>
   </datafield>
   <datafield tag="653" ind2=" " ind1=" ">
      <subfield code="a">Catalunya</subfield>
   </datafield>
   <datafield ind2="0" ind1="0" tag="245">
      <subfield code="a">Del rebost al paladar: melmelada i turisme a Catalunya</subfield>
   </datafield>
</record></metadata></record></GetRecord></OAI-PMH>